[Event "World op 51st"]
[Site "Philadelphia"]
[Date "2023.07.03"]
[Round "6"]
[White "Slade, Theodore"]
[Black "Rambha, Hemachandra"]
[Result "1-0"]
[WhiteElo "1992"]
[BlackElo "1811"]
[PlyCount "87"]
[EventDate "2023.06.30"]
[EventType "swiss"]
[EventRounds "9"]
[EventCountry "USA"]
[SourceTitle "CBM 215 Extra"]
[Source "ChessBase"]
[SourceDate "2023.09.30"]
[SourceVersion "1"]
[SourceVersionDate "2023.09.30"]
[SourceQuality "1"]

1. d4 Nf6 2. c4 g6 3. Nc3 Bg7 4. e4 d6 5. Nf3 0-0 6. Be2 e5 7. Be3 Ng4 8. Bg5 f6 9. Bh4 Qe8 10. h3 Nh6 11. c5 exd4 12. Nb5 Na6 13. cxd6 c5 14. 0-0 Qxe4 15. Bc4+ Kh8 16. Qb3 Nf5 17. Rfe1 Qc6 18. Bg3 Bd7 19. Bf4 b6 20. a4 Nb4 21. Nfxd4 Nxd4 22. Nxd4 cxd4 23. Qxb4 Qc5 24. Qxc5 bxc5 25. Re7 Rad8 26. Bb5 Bf5 27. d7 a6 28. Bc6 Bxd7 29. Rxd7 Rxd7 30. Bxd7 g5 31. Bd6 Rd8 32. Re1 c4 33. Re8+ Rxe8 34. Bxe8 f5 35. Bf7 c3 36. bxc3 dxc3 37. Bb3 Bd4 38. Bc2 f4 39. Be7 h6 40. Bf8 h5 41. Bh6 Bf6 42. h4 g4 43. Bxf4 Bxh4 44. Be5+ 1-0